[Event "OEISM 0818 BLMM"]
[Site "austriablmm"]
[Date "2020.12.12"]
[Round "8"]
[White "Luis_VST"]
[Black "Jeremia07"]
[Result "0-1"]
[WhiteElo "1370"]
[BlackElo "1254"]
[Annotator "NA"]
[PlyCount "68"]
[EventDate "2020.12.12"]
[EventType "blitz"]

{Jeremia07 reconnected.} 1. d4 {[%emt 0:00:41]} d5 {[%emt 0:00:04]} 2. Nf3 {[%emt 0:00:02]} Nf6 {[%emt 0:00:04]} 3. Nc3 {[%emt 0:00:03]} Nc6 {[%emt 0:00:05]} 4. e3 {[%emt 0:00:05]} Bg4 {[%emt 0:00:05]} 5. Bb5 {[%emt 0:00:03]} e6 {[%emt 0:00:08]} 6. O-O {[%emt 0:00:04]} Bb4 {[%emt 0:00:07]} 7. Bxc6+ {[%emt 0:00:08]} bxc6 {[%emt 0:00:03]} 8. Na4 {[%emt 0:00:04]} O-O {[%emt 0:00:05]} 9. h4 {[%emt 0:00:26]} Ne4 {[%emt 0:00:14]} 10. c3 {[%emt 0:00:09]} Ba5 {[%emt 0:00:07]} 11. Qb3 {[%emt 0:00:42]} Bxf3 {[%emt 0:00:05]} 12. gxf3 {[%emt 0:00:08]} Nd6 {[%emt 0:00:13]} 13. c4 {[%emt 0:00:20]} Nxc4 {[%emt 0:00:09]} 14. Qb8 {[%emt 0:00:09]} Rxb8 {[%emt 0:00:05]} 15. Nc5 {[%emt 0:00:03]} Bd2 {[%emt 0:00:22]} 16. Bxd2 {[%emt 0:00:21]} Nxd2 {[%emt 0:00:03]} 17. Rfd1 {[%emt 0:00:20]} Nxf3+ {[%emt 0:00:04]} 18. Kg2 {[%emt 0:00:05]} Nxh4+ {[%emt 0:00:02]} 19. Kg3 {[%emt 0:00:09]} Nf5+ {[%emt 0:00:05]} 20. Kg2 {[%emt 0:00:05]} Qd6 {[%emt 0:00:09]} 21. Na6 {[%emt 0:00:29]} Rxb2 {[%emt 0:00:08]} 22. Rab1 {[%emt 0:00:03]} Rxb1 {[%emt 0:00:02]} 23. Rxb1 {[%emt 0:00:02]} Qa3 {[%emt 0:00:04]} 24. Rb4 {[%emt 0:00:16]} Qxa2 {[%emt 0:00:10]} 25. e4 {[%emt 0:00:07]} Qxa6 {[%emt 0:00:07]} 26. Rb1 {[%emt 0:00:07]} Nxd4 {[%emt 0:00:09]} 27. Rb5 {[%emt 0:00:03]} cxb5 {[%emt 0:00:08]} 28. Kg3 {[%emt 0:00:05]} dxe4 {[%emt 0:00:04]} 29. Kh2 {[%emt 0:00:02]} e3 {[%emt 0:00:03]} 30. Kh1 {[%emt 0:00:01]} e2 {[%emt 0:00:02]} 31. Kg1 {[%emt 0:00:01]} e1=Q+ {[%emt 0:00:02]} 32. Kg2 {[%emt 0:00:01]} Qa3 {[%emt 0:00:05]} 33. Kh2 {[%emt 0:00:02]} Qxf2+ {[%emt 0:00:03]} 34. Kh1 {[%emt 0:00:03]} Qa1# {[%emt 0:00:03] Mate Mate} 0-1

[Event "OEISM 0818 BLMM"]
[Site "austriablmm"]
[Date "2020.12.12"]
[Round "9"]
[White "DoHoChess"]
[Black "Marc_m"]
[Result "1-0"]
[WhiteElo "2242"]
[BlackElo "1988"]
[Annotator "RC"]
[PlyCount "75"]
[EventDate "2020.12.12"]
[EventType "blitz"]

1. d4 {[%emt 0:00:01]} Nf6 {[%emt 0:00:02]} 2. c4 {[%emt 0:00:01]} e6 {[%emt 0:00:01]} 3. g3 {[%emt 0:00:01]} Bb4+ {[%emt 0:00:02]} 4. Nd2 {[%emt 0:00:01]} O-O {[%emt 0:00:18]} 5. Bg2 {[%emt 0:00:05]} c5 {[%emt 0:00:32]} 6. a3 {[%emt 0:00:11]} Bxd2+ {[%emt 0:00:09]} 7. Qxd2 {[%emt 0:00:01]} cxd4 {[%emt 0:00:09]} 8. Nf3 {[%emt 0:00:03]} d5 {[%emt 0:00:32]} 9. cxd5 {[%emt 0:00:03]} Qxd5 {[%emt 0:00:18]} 10. Qxd4 {[%emt 0:00:03]} Nc6 {[%emt 0:00:12]} 11. Qxd5 {[%emt 0:00:08]} Nxd5 {[%emt 0:00:00]} 12. O-O {[%emt 0:00:11]} b6 {[%emt 0:00:16]} 13. Rd1 {[%emt 0:00:56]} Ba6 {[%emt 0:00:17]} 14. e4 {[%emt 0:01:33]} Nf6 {[%emt 0:00:18]} 15. Ne1 {[%emt 0:00:17]} e5 {[%emt 0:00:42]} 16. Nc2 {[%emt 0:01:30]} Rfd8 {[%emt 0:00:22]} 17. Bg5 {[%emt 0:00:19]} h6 {[%emt 0:01:12]} 18. Bxf6 {[%emt 0:02:03]} gxf6 {[%emt 0:00:00]} 19. Bf1 {[%emt 0:00:00]} Bb7 {[%emt 0:00:49]} 20. f3 {[%emt 0:00:22]} Rac8 {[%emt 0:00:14]} 21. Kf2 {[%emt 0:00:24]} Na5 {[%emt 0:01:51]} 22. Ne3 {[%emt 0:00:31]} Nb3 {[%emt 0:00:13]} 23. Rxd8+ {[%emt 0:00:01]} Rxd8 {[%emt 0:00:00]} 24. Rd1 {[%emt 0:00:01]} Rxd1 {[%emt 0:00:03]} 25. Nxd1 {[%emt 0:00:00]} Nd4 {[%emt 0:00:02]} 26. Ne3 {[%emt 0:00:10]} Kf8 {[%emt 0:00:27]} 27. Bc4 {[%emt 0:00:01]} Ke7 {[%emt 0:00:12]} 28. h4 {[%emt 0:00:01]} h5 {[%emt 0:00:20]} 29. g4 {[%emt 0:01:36]} hxg4 {[%emt 0:00:10]} 30. Nxg4 {[%emt 0:00:00]} f5 {[%emt 0:00:32]} 31. Nxe5 {[%emt 0:00:18]} fxe4 {[%emt 0:00:25]} 32. fxe4 {[%emt 0:00:00]} b5 {[%emt 0:00:48]} 33. Ba2 {[%emt 0:00:01]} Kf6 {[%emt 0:00:05]} 34. Nxf7 {[%emt 0:00:27]} Nc2 {[%emt 0:00:04]} 35. e5+ {[%emt 0:00:05]} Ke7 {[%emt 0:00:03]} 36. Nd6 {[%emt 0:00:02]} Bc6 {[%emt 0:00:02]} 37. h5 {[%emt 0:00:02]} Nd4 {[%emt 0:00:03]} 38. h6 {[%emt 0:00:04] Zeit (Lag: Av=0.51s, max=6.8s)} 1-0

[Event "OEISM 0818 BLMM"]
[Site "austriablmm"]
[Date "2020.12.12"]
[Round "9"]
[White "Konstantin Peyrer"]
[Black "Blumenlaus"]
[Result "1-0"]
[WhiteElo "2189"]
[BlackElo "1836"]
[Annotator "RC"]
[PlyCount "145"]
[EventDate "2020.12.12"]
[EventType "blitz"]

1. d4 {[%emt 0:00:01]} Nf6 {[%emt 0:00:12]} 2. Nf3 {[%emt 0:00:00]} e6 {[%emt 0:00:02]} 3. Qd3 {[%emt 0:00:00]} d5 {[%emt 0:00:03]} 4. c4 {[%emt 0:00:01]} b6 {[%emt 0:00:02]} 5. Nc3 {[%emt 0:00:02]} Bb7 {[%emt 0:00:02]} 6. Bf4 {[%emt 0:00:01]} Bb4 {[%emt 0:00:17]} 7. O-O-O {[%emt 0:00:02]} Ne4 {[%emt 0:00:08]} 8. cxd5 {[%emt 0:00:11]} exd5 {[%emt 0:00:06]} 9. Qb5+ {[%emt 0:00:07]} Nc6 {[%emt 0:00:04]} 10. Nxd5 {[%emt 0:00:01]} O-O {[%emt 0:00:07]} 11. Nxb4 {[%emt 0:00:02]} Nxb4 {[%emt 0:00:01]} 12. Qxb4 {[%emt 0:00:02]} Nxf2 {[%emt 0:00:01]} 13. Qe1 {[%emt 0:00:30]} Nxh1 {[%emt 0:00:20]} 14. e3 {[%emt 0:00:03]} Qd5 {[%emt 0:00:05]} 15. Kb1 {[%emt 0:00:07]} Rfd8 {[%emt 0:00:38]} 16. Bd3 {[%emt 0:00:02]} c5 {[%emt 0:00:06]} 17. Qh4 {[%emt 0:00:03]} g6 {[%emt 0:00:13]} 18. Rxh1 {[%emt 0:00:12]} cxd4 {[%emt 0:00:06]} 19. e4 {[%emt 0:00:02]} Qd7 {[%emt 0:00:33]} 20. Qh6 {[%emt 0:00:09]} f6 {[%emt 0:00:19]} 21. e5 {[%emt 0:00:04]} Bxf3 {[%emt 0:00:16]} 22. gxf3 {[%emt 0:00:00]} f5 {[%emt 0:00:02]} 23. Bc4+ {[%emt 0:00:13]} Kh8 {[%emt 0:00:03]} 24. e6 {[%emt 0:00:01]} Qg7 {[%emt 0:00:02]} 25. Qxg7+ {[%emt 0:00:14]} Kxg7 {[%emt 0:00:00]} 26. Be5+ {[%emt 0:00:01]} Kh6 {[%emt 0:00:20]} 27. h4 {[%emt 0:00:05]} Rac8 {[%emt 0:00:03]} 28. Bb3 {[%emt 0:00:14]} d3 {[%emt 0:00:02]} 29. e7 {[%emt 0:00:07]} Re8 {[%emt 0:00:01]} 30. Bf6 {[%emt 0:00:01]} a6 {[%emt 0:00:13]} 31. Bf7 {[%emt 0:00:05]} Rxe7 {[%emt 0:00:01]} 32. Bxe7 {[%emt 0:00:01]} Rc7 {[%emt 0:00:02]} 33. Bg5+ {[%emt 0:00:01]} Kg7 {[%emt 0:00:02]} 34. Bb3 {[%emt 0:00:00]} h6 {[%emt 0:00:02]} 35. Bf4 {[%emt 0:00:01]} Re7 {[%emt 0:00:02]} 36. Rd1 {[%emt 0:00:01]} Kf6 {[%emt 0:00:04]} 37. Rxd3 {[%emt 0:00:01]} g5 {[%emt 0:00:01]} 38. Rd6+ {[%emt 0:00:01]} Kg7 {[%emt 0:00:01]} 39. hxg5 {[%emt 0:00:00]} hxg5 {[%emt 0:00:01]} 40. Bxg5 {[%emt 0:00:00]} Rc7 {[%emt 0:00:01]} 41. Bf4 {[%emt 0:00:03]} Rc8 {[%emt 0:00:05]} 42. Rd7+ {[%emt 0:00:01]} Kf6 {[%emt 0:00:01]} 43. Rf7+ {[%emt 0:00:00]} Kg6 {[%emt 0:00:01]} 44. Be6 {[%emt 0:00:00]} Re8 {[%emt 0:00:02]} 45. Rxf5 {[%emt 0:00:06]} Rxe6 {[%emt 0:00:03]} 46. Rg5+ {[%emt 0:00:00]} Kf6 {[%emt 0:00:02]} 47. Rh5 {[%emt 0:00:03]} Re1+ {[%emt 0:00:02]} 48. Bc1 {[%emt 0:00:01]} Rf1 {[%emt 0:00:03]} 49. Rh6+ {[%emt 0:00:00]} Kf5 {[%emt 0:00:01]} 50. Rxb6 {[%emt 0:00:01]} Rxf3 {[%emt 0:00:01]} 51. Rxa6 {[%emt 0:00:00]} Ke5 {[%emt 0:00:01]} 52. a4 {[%emt 0:00:01]} Kd5 {[%emt 0:00:01]} 53. a5 {[%emt 0:00:00]} Rf7 {[%emt 0:00:02]} 54. Ra8 {[%emt 0:00:00]} Kc5 {[%emt 0:00:01]} 55. a6 {[%emt 0:00:01]} Kb5 {[%emt 0:00:00]} 56. a7 {[%emt 0:00:02]} Ka6 {[%emt 0:00:01]} 57. Be3 {[%emt 0:00:01]} Rf1+ {[%emt 0:00:06]} 58. Ka2 {[%emt 0:00:01]} Rf7 {[%emt 0:00:01]} 59. Rb8 {[%emt 0:00:01]} Rxa7 {[%emt 0:00:03]} 60. Bxa7 {[%emt 0:00:00]} Kxa7 {[%emt 0:00:00]} 61. Rb3 {[%emt 0:00:01]} Ka6 {[%emt 0:00:01]} 62. Ka3 {[%emt 0:00:00]} Ka5 {[%emt 0:00:00]} 63. Rb8 {[%emt 0:00:02]} Ka6 {[%emt 0:00:00]} 64. b4 {[%emt 0:00:00]} Ka7 {[%emt 0:00:00]} 65. Rb5 {[%emt 0:00:00]} Ka6 {[%emt 0:00:01]} 66. Ka4 {[%emt 0:00:00]} Ka7 {[%emt 0:00:01]} 67. Ka5 {[%emt 0:00:02]} Ka8 {[%emt 0:00:01]} 68. Kb6 {[%emt 0:00:00]} Kb8 {[%emt 0:00:01]} 69. Kc6+ {[%emt 0:00:00]} Kc8 {[%emt 0:00:01]} 70. Rd5 {[%emt 0:00:00]} Kb8 {[%emt 0:00:01]} 71. Rd8+ {[%emt 0:00:00]} Ka7 {[%emt 0:00:00]} 72. Rc8 {[%emt 0:00:00]} Ka6 {[%emt 0:00:01]} 73. Ra8# {[%emt 0:00:00] (Lag: Av=0.36s, max=0.8s) Mate} 1-0

[Event "OEISM 0818 BLMM"]
[Site "austriablmm"]
[Date "2020.12.12"]
[Round "9"]
[White "Beckenbauer23"]
[Black "Magdalena_m"]
[Result "1-0"]
[WhiteElo "2108"]
[BlackElo "1750"]
[Annotator "NA"]
[PlyCount "63"]
[EventDate "2020.12.12"]
[EventType "blitz"]

1. e4 {[%emt 0:00:05]} c6 {[%emt 0:00:02]} 2. d4 {[%emt 0:00:05]} d5 {[%emt 0:00:02]} 3. f3 {[%emt 0:00:00]} dxe4 {[%emt 0:00:03]} 4. fxe4 {[%emt 0:00:00]} Nf6 {[%emt 0:00:05]} 5. e5 {[%emt 0:00:17]} Nd5 {[%emt 0:00:18]} 6. c4 {[%emt 0:00:02]} Nb6 {[%emt 0:00:03]} 7. Nc3 {[%emt 0:00:01]} Be6 {[%emt 0:00:07]} 8. b3 {[%emt 0:00:12]} g6 {[%emt 0:00:07]} 9. Be3 {[%emt 0:00:07]} Bg7 {[%emt 0:00:04]} 10. Nf3 {[%emt 0:00:02]} Bg4 {[%emt 0:00:10]} 11. h3 {[%emt 0:00:05]} Bxf3 {[%emt 0:00:08]} 12. Qxf3 {[%emt 0:00:00]} O-O {[%emt 0:00:15]} 13. Rd1 {[%emt 0:01:29]} N8d7 {[%emt 0:00:17]} 14. Bf4 {[%emt 0:00:15]} Qc8 {[%emt 0:00:23]} 15. Qe4 {[%emt 0:00:35]} e6 {[%emt 0:00:23]} 16. Be2 {[%emt 0:01:18]} Re8 {[%emt 0:00:22]} 17. O-O {[%emt 0:00:07]} c5 {[%emt 0:00:06]} 18. Bf3 {[%emt 0:00:24]} cxd4 {[%emt 0:00:11]} 19. Nb5 {[%emt 0:00:03]} Qc5 {[%emt 0:00:17]} 20. Nd6 {[%emt 0:00:06]} Rf8 {[%emt 0:00:38]} 21. Nxb7 {[%emt 0:00:05]} Qa3 {[%emt 0:00:04]} 22. Qxd4 {[%emt 0:00:41]} Qxa2 {[%emt 0:00:20]} 23. c5 {[%emt 0:00:02]} Nd5 {[%emt 0:00:06]} 24. Bxd5 {[%emt 0:00:02]} exd5 {[%emt 0:00:11]} 25. Qxd5 {[%emt 0:00:00]} Nb8 {[%emt 0:00:23]} 26. Nd6 {[%emt 0:00:05]} Na6 {[%emt 0:00:04]} 27. Nxf7 {[%emt 0:00:07]} Rxf7 {[%emt 0:00:42]} 28. Qxa8+ {[%emt 0:00:14]} Bf8 {[%emt 0:00:01]} 29. e6 {[%emt 0:00:04]} Rf5 {[%emt 0:01:17]} 30. Bd6 {[%emt 0:00:21]} Qc2 {[%emt 0:00:23]} 31. Rxf5 {[%emt 0:00:36]} Qxf5 {[%emt 0:00:04]} 32. Rf1 {[%emt 0:00:12] Magdalena_m gibt auf (Lag: Av=0.85s, max=1.3s)} 1-0

[Event "OEISM 0818 BLMM"]
[Site "austriablmm"]
[Date "2020.12.12"]
[Round "9"]
[White "David04"]
[Black "Pernerstorfer_Max"]
[Result "0-1"]
[WhiteElo "2032"]
[BlackElo "1883"]
[Annotator "NA"]
[PlyCount "52"]
[EventDate "2020.12.12"]
[EventType "blitz"]

1. e4 {[%emt 0:00:07]} e5 {[%emt 0:00:02]} 2. Nf3 {[%emt 0:00:01]} Nc6 {[%emt 0:00:01]} 3. Bb5 {[%emt 0:00:01]} f5 {[%emt 0:00:01]} 4. d3 {[%emt 0:00:05]} fxe4 {[%emt 0:00:02]} 5. dxe4 {[%emt 0:00:01]} Nf6 {[%emt 0:00:01]} 6. Nc3 {[%emt 0:00:15]} Bb4 {[%emt 0:00:03]} 7. O-O {[%emt 0:00:04]} Bxc3 {[%emt 0:00:02]} 8. bxc3 {[%emt 0:00:03]} d6 {[%emt 0:00:01]} 9. Re1 {[%emt 0:00:28]} O-O {[%emt 0:00:05]} 10. h3 {[%emt 0:00:01]} Qe8 {[%emt 0:00:04]} 11. Bg5 {[%emt 0:00:12]} Nh5 {[%emt 0:00:15]} 12. c4 {[%emt 0:00:28]} Qg6 {[%emt 0:00:22]} 13. Kh1 {[%emt 0:02:41]} Be6 {[%emt 0:01:12]} 14. c5 {[%emt 0:00:34]} Rxf3 {[%emt 0:02:25]} 15. Bxc6 {[%emt 0:00:13]} Rxf2 {[%emt 0:00:57]} 16. Bd5 {[%emt 0:00:27]} Bxd5 {[%emt 0:01:07]} 17. Qxd5+ {[%emt 0:00:00]} Kh8 {[%emt 0:00:01]} 18. h4 {[%emt 0:00:09]} h6 {[%emt 0:00:36]} 19. Qxb7 {[%emt 0:00:03]} Raf8 {[%emt 0:00:06]} 20. Qxc7 {[%emt 0:00:16]} hxg5 {[%emt 0:00:14]} 21. Qxd6 {[%emt 0:00:07]} R8f6 {[%emt 0:00:22]} 22. Qb8+ {[%emt 0:00:03]} Kh7 {[%emt 0:00:02]} 23. Qxe5 {[%emt 0:00:31]} gxh4 {[%emt 0:00:05]} 24. Qh2 {[%emt 0:00:11]} Rxc2 {[%emt 0:00:30]} 25. Re3 {[%emt 0:01:09]} Rff2 {[%emt 0:00:19]} 26. Rg1 {[%emt 0:00:07]} Ng3+ {[%emt 0:00:12] David04 resigns} 0-1

[Event "OEISM 0818 BLMM"]
[Site "austriablmm"]
[Date "2020.12.12"]
[Round "9"]
[White "Jakob19"]
[Black "UrosN"]
[Result "1-0"]
[WhiteElo "1996"]
[BlackElo "1837"]
[Annotator "NA"]
[PlyCount "41"]
[EventDate "2020.12.12"]
[EventType "blitz"]

1. Nf3 {[%emt 0:00:02]} d5 {[%emt 0:00:02]} 2. d4 {[%emt 0:00:01]} Nf6 {[%emt 0:00:02]} 3. c4 {[%emt 0:00:01]} e6 {[%emt 0:00:01]} 4. g3 {[%emt 0:00:01]} Be7 {[%emt 0:00:03]} 5. Bg2 {[%emt 0:00:01]} c6 {[%emt 0:00:01]} 6. O-O {[%emt 0:00:02]} O-O {[%emt 0:00:01]} 7. Qc2 {[%emt 0:00:01]} Nbd7 {[%emt 0:00:05]} 8. Nbd2 {[%emt 0:00:02]} dxc4 {[%emt 0:00:12]} 9. Nxc4 {[%emt 0:00:02]} Nb6 {[%emt 0:00:09]} 10. Nce5 {[%emt 0:00:07]} Nbd5 {[%emt 0:00:19]} 11. a3 {[%emt 0:00:04]} Qb6 {[%emt 0:00:33]} 12. e4 {[%emt 0:00:07]} Nc7 {[%emt 0:00:03]} 13. Be3 {[%emt 0:00:02]} Nb5 {[%emt 0:00:41]} 14. Rac1 {[%emt 0:00:38]} Bd6 {[%emt 0:00:26]} 15. Nc4 {[%emt 0:00:18]} Qc7 {[%emt 0:00:02]} 16. Nxd6 {[%emt 0:00:03]} Qxd6 {[%emt 0:00:00]} 17. e5 {[%emt 0:00:02]} Qd8 {[%emt 0:00:26]} 18. exf6 {[%emt 0:00:04]} Qxf6 {[%emt 0:00:01]} 19. a4 {[%emt 0:00:07]} Nd6 {[%emt 0:00:05]} 20. Bg5 {[%emt 0:00:03]} Qf5 {[%emt 0:00:12]} 21. Be7 {[%emt 0:00:10] UrosN resigns} 1-0

[Event "OEISM 0818 BLMM"]
[Site "austriablmm"]
[Date "2020.12.12"]
[Round "9"]
[White "BORRMANN"]
[Black "viczekata"]
[Result "0-1"]
[WhiteElo "1973"]
[BlackElo "1878"]
[Annotator "RC"]
[PlyCount "86"]
[EventDate "2020.12.12"]
[EventType "blitz"]

1. e4 {[%emt 0:00:07]} c5 {[%emt 0:00:01]} 2. Nf3 {[%emt 0:00:02]} Nc6 {[%emt 0:00:01]} 3. d4 {[%emt 0:00:05]} cxd4 {[%emt 0:00:02]} 4. Nxd4 {[%emt 0:00:00]} e5 {[%emt 0:00:02]} 5. Nb5 {[%emt 0:00:05]} d6 {[%emt 0:00:01]} 6. N1c3 {[%emt 0:00:05]} a6 {[%emt 0:00:03]} 7. Na3 {[%emt 0:00:02]} Be7 {[%emt 0:00:02]} 8. Nd5 {[%emt 0:00:22]} Nf6 {[%emt 0:00:07]} 9. Nxf6+ {[%emt 0:00:07]} Bxf6 {[%emt 0:00:03]} 10. Nc4 {[%emt 0:00:05]} O-O {[%emt 0:00:02]} 11. Be2 {[%emt 0:00:27]} Be7 {[%emt 0:00:09]} 12. Be3 {[%emt 0:00:06]} Be6 {[%emt 0:00:06]} 13. Nb6 {[%emt 0:00:10]} Rb8 {[%emt 0:00:05]} 14. O-O {[%emt 0:00:07]} Bg5 {[%emt 0:00:31]} 15. Nd5 {[%emt 0:00:13]} Bxe3 {[%emt 0:00:13]} 16. Nxe3 {[%emt 0:00:06]} Rc8 {[%emt 0:00:06]} 17. c3 {[%emt 0:00:04]} Qh4 {[%emt 0:00:33]} 18. f3 {[%emt 0:00:58]} Rfd8 {[%emt 0:00:15]} 19. Qe1 {[%emt 0:00:28]} Qg5 {[%emt 0:00:24]} 20. Bd1 {[%emt 0:00:39]} Ne7 {[%emt 0:00:15]} 21. Bb3 {[%emt 0:01:57]} Ng6 {[%emt 0:00:18]} 22. Rd1 {[%emt 0:00:47]} Nf4 {[%emt 0:00:13]} 23. Kh1 {[%emt 0:00:50]} h5 {[%emt 0:00:28]} 24. Qg3 {[%emt 0:00:17]} Qf6 {[%emt 0:00:35]} 25. Nd5 {[%emt 0:00:06]} Bxd5 {[%emt 0:00:05]} 26. Bxd5 {[%emt 0:00:00]} Nxd5 {[%emt 0:00:52]} 27. Rxd5 {[%emt 0:00:03]} Rc5 {[%emt 0:00:07]} 28. Rfd1 {[%emt 0:00:06]} Rxd5 {[%emt 0:00:06]} 29. Rxd5 {[%emt 0:00:00]} g6 {[%emt 0:00:03]} 30. Qf2 {[%emt 0:00:18]} Qf4 {[%emt 0:00:04]} 31. Qd2 {[%emt 0:00:44]} Qxd2 {[%emt 0:00:09]} 32. Rxd2 {[%emt 0:00:00]} f5 {[%emt 0:00:02]} 33. exf5 {[%emt 0:00:21]} gxf5 {[%emt 0:00:03]} 34. c4 {[%emt 0:00:05]} b5 {[%emt 0:00:04]} 35. cxb5 {[%emt 0:00:22]} axb5 {[%emt 0:00:02]} 36. a3 {[%emt 0:00:05]} d5 {[%emt 0:00:06]} 37. Kg1 {[%emt 0:00:11]} Kf7 {[%emt 0:00:02]} 38. Kf2 {[%emt 0:00:01]} Ke6 {[%emt 0:00:02]} 39. Ke3 {[%emt 0:00:04]} d4+ {[%emt 0:00:03]} 40. Kd3 {[%emt 0:00:02]} Kd5 {[%emt 0:00:05]} 41. Re2 {[%emt 0:00:04]} Re8 {[%emt 0:00:03]} 42. g3 {[%emt 0:01:01]} e4+ {[%emt 0:00:02]} 43. Kd2 {[%emt 0:00:02] BORRMANN offers a draw} Kc4 {[%emt 0:00:16] TimeW} 0-1

[Event "OEISM 0818 BLMM"]
[Site "austriablmm"]
[Date "2020.12.12"]
[Round "9"]
[White "Ppe1968"]
[Black "NIKO2011"]
[Result "1-0"]
[WhiteElo "1923"]
[BlackElo "1843"]
[Annotator "NA"]
[PlyCount "83"]
[EventDate "2020.12.12"]
[EventType "blitz"]

1. d4 {[%emt 0:00:08]} c5 {[%emt 0:00:02]} 2. Nf3 {[%emt 0:00:18]} e6 {[%emt 0:00:03]} 3. g3 {[%emt 0:00:02]} d5 {[%emt 0:00:04]} 4. Bg2 {[%emt 0:00:05]} Nf6 {[%emt 0:00:02]} 5. O-O {[%emt 0:00:02]} Nc6 {[%emt 0:00:05]} 6. c4 {[%emt 0:00:03]} g6 {[%emt 0:00:04]} 7. cxd5 {[%emt 0:00:01]} exd5 {[%emt 0:00:03]} 8. dxc5 {[%emt 0:00:01]} Bxc5 {[%emt 0:00:02]} 9. Nc3 {[%emt 0:00:06]} O-O {[%emt 0:00:05]} 10. Bg5 {[%emt 0:00:07]} Be6 {[%emt 0:00:05]} 11. e3 {[%emt 0:00:08]} Be7 {[%emt 0:00:05]} 12. Nd4 {[%emt 0:00:04]} Qd7 {[%emt 0:00:31]} 13. Nxe6 {[%emt 0:00:09]} fxe6 {[%emt 0:00:03]} 14. Bh3 {[%emt 0:00:09]} Kg7 {[%emt 0:00:07]} 15. Ne2 {[%emt 0:00:26]} Ne4 {[%emt 0:00:14]} 16. Bxe7 {[%emt 0:00:08]} Qxe7 {[%emt 0:00:00]} 17. Nf4 {[%emt 0:00:04]} Ng5 {[%emt 0:00:09]} 18. Bg2 {[%emt 0:00:16]} Rad8 {[%emt 0:00:22]} 19. h4 {[%emt 0:00:07]} Nf7 {[%emt 0:00:25]} 20. Bh3 {[%emt 0:00:28]} Rd6 {[%emt 0:00:05]} 21. Qg4 {[%emt 0:00:11]} Nh6 {[%emt 0:00:11]} 22. Nxe6+ {[%emt 0:00:47]} Kg8 {[%emt 0:00:07]} 23. Qg5 {[%emt 0:00:03]} Rxe6 {[%emt 0:00:09]} 24. Bxe6+ {[%emt 0:00:15]} Qxe6 {[%emt 0:00:08]} 25. Qxh6 {[%emt 0:00:02]} Ne5 {[%emt 0:00:09]} 26. Kg2 {[%emt 0:00:38]} Nf3 {[%emt 0:00:06]} 27. Rfc1 {[%emt 0:04:15]} Qe4 {[%emt 0:00:08]} 28. Rc7 {[%emt 0:00:20]} Nxh4+ {[%emt 0:05:00]} 29. Kh3 {[%emt 0:00:04]} Qg2+ {[%emt 0:00:04]} 30. Kg4 {[%emt 0:00:03]} Qe4+ {[%emt 0:00:12]} 31. f4 {[%emt 0:00:15]} Qf5+ {[%emt 0:00:52]} 32. Kxh4 {[%emt 0:00:10]} Rf7 {[%emt 0:00:16]} 33. Rac1 {[%emt 0:00:24]} Qf6+ {[%emt 0:00:18]} 34. Qg5 {[%emt 0:00:07]} Qxg5+ {[%emt 0:00:03]} 35. fxg5 {[%emt 0:00:06]} Rxc7 {[%emt 0:00:03]} 36. Rxc7 {[%emt 0:00:02]} b5 {[%emt 0:00:03]} 37. Kg4 {[%emt 0:00:01]} a5 {[%emt 0:00:04]} 38. Kf4 {[%emt 0:00:01]} d4 {[%emt 0:00:02]} 39. exd4 {[%emt 0:00:01]} b4 {[%emt 0:00:01]} 40. Ke5 {[%emt 0:00:01]} b3 {[%emt 0:00:00]} 41. Kf6 {[%emt 0:00:03]} a4 {[%emt 0:00:00]} 42. Rc8# {[%emt 0:00:01] (Lag: Av=0.35s, max=1.0s) Mate} 1-0

[Event "OEISM 0818 BLMM"]
[Site "austriablmm"]
[Date "2020.12.12"]
[Round "9"]
[White "Nico2006"]
[Black "OKli2120"]
[Result "1/2-1/2"]
[WhiteElo "1865"]
[BlackElo "1658"]
[Annotator "NA"]
[PlyCount "71"]
[EventDate "2020.12.12"]
[EventType "blitz"]

1. d4 {[%emt 0:00:02]} Nf6 {[%emt 0:00:04]} 2. c4 {[%emt 0:00:02]} g6 {[%emt 0:00:02]} 3. Nc3 {[%emt 0:00:03]} Bg7 {[%emt 0:00:01]} 4. e4 {[%emt 0:00:01]} d6 {[%emt 0:00:04]} 5. Nf3 {[%emt 0:00:01]} O-O {[%emt 0:00:03]} 6. Be2 {[%emt 0:00:01]} c5 {[%emt 0:00:02]} 7. d5 {[%emt 0:00:05]} e6 {[%emt 0:00:03]} 8. O-O {[%emt 0:00:12]} exd5 {[%emt 0:00:03]} 9. exd5 {[%emt 0:00:01]} Bg4 {[%emt 0:00:16]} 10. h3 {[%emt 0:00:04]} Bxf3 {[%emt 0:00:03]} 11. Bxf3 {[%emt 0:00:01]} Re8 {[%emt 0:00:05]} 12. Bf4 {[%emt 0:00:03]} a6 {[%emt 0:00:08]} 13. Qb3 {[%emt 0:00:15]} Qc7 {[%emt 0:00:11]} 14. Rfe1 {[%emt 0:00:17]} Nbd7 {[%emt 0:00:05]} 15. a4 {[%emt 0:00:13]} Ne5 {[%emt 0:00:18]} 16. Bxe5 {[%emt 0:00:04]} dxe5 {[%emt 0:00:16]} 17. Rad1 {[%emt 0:00:12]} Qd6 {[%emt 0:00:14]} 18. Rd2 {[%emt 0:00:44]} b6 {[%emt 0:00:13]} 19. a5 {[%emt 0:00:39]} bxa5 {[%emt 0:00:38]} 20. Qa4 {[%emt 0:00:13]} Rab8 {[%emt 0:01:02]} 21. Qxa5 {[%emt 0:00:11]} Rb4 {[%emt 0:00:11]} 22. Be2 {[%emt 0:00:54]} e4 {[%emt 0:00:28]} 23. Bf1 {[%emt 0:00:11]} e3 {[%emt 0:02:23]} 24. Rxe3 {[%emt 0:00:28]} Rxe3 {[%emt 0:00:05]} 25. fxe3 {[%emt 0:00:02]} Bh6 {[%emt 0:00:35]} 26. Nd1 {[%emt 0:00:19]} Ne4 {[%emt 0:00:07]} 27. Rc2 {[%emt 0:00:09]} Rb3 {[%emt 0:00:42]} 28. Re2 {[%emt 0:00:54]} Qf6 {[%emt 0:00:51]} 29. Qa4 {[%emt 0:00:27]} Rb8 {[%emt 0:00:45]} 30. Qc2 {[%emt 0:00:48]} Ng3 {[%emt 0:00:09]} 31. Rf2 {[%emt 0:00:10]} Qe5 {[%emt 0:00:05]} 32. Rf3 {[%emt 0:00:24]} Nf5 {[%emt 0:00:24]} 33. Bd3 {[%emt 0:02:03]} Nxe3 {[%emt 0:00:14]} 34. Qe2 {[%emt 0:00:29]} Re8 {[%emt 0:00:04]} 35. Nxe3 {[%emt 0:00:19]} Bxe3+ {[%emt 0:00:00]} 36. Kh1 {[%emt 0:00:07] Nico2006 offers a draw} 1/2-1/2